Les mondes et les niveaux du jeu Rayman - Statistiques

Statistiques générales
  • Ce quiz a été pris 5 fois
  • Le résultat moyen est 17 sur 24
Statistiques - réponses
Par images Réponse % Correct
Allegro Presto
100%
L'Antre de Moskito
100%
Le Charivari de Mr Sax
100%
Le Château des Délices
100%
Les Montagnes Bleues
100%
Gongs Célestes
80%
La Butte aux Bongos
80%
La Crique aux Crayons
80%
La Forêt des Songes
80%
Le Cratère de Space Mama
80%
Les Stalactites de Skops
80%
Mangez chez Joe
80%
Panique aux Punaises
80%
La Cité des Images
60%
La Forêt Primordiale
60%
Le Ciel Chromatique
60%
Le Défi de Mr Dark
60%
Le Lagon de l'Angoisse
60%
Le Palais de Cristal
60%
Les Caves de Skops
60%
Le Ravin du Crépuscule
40%
Les Marais de l'Oubli
40%
Le Chaos du Cauchemar
20%
Les Cimes de Mr Stone
20%
Aucun quiz correspondant
Distribution des résultats
% des personnes avec chaque résultat
Percentile par nombre de réponses
Votre historique - résultats
Vous n’avez pas pris ce quiz